| 000 | 01229nam a2200349 i 4500 | ||
|---|---|---|---|
| 001 | 198457 | ||
| 003 | ES-MaACL | ||
| 005 | 20260625213303.0 | ||
| 007 | ta | ||
| 008 | 260617s2024 sp ||||| |||| 001 0 spa d | ||
| 017 |
_aB 10473-2024 _bOficina Depósito Legal Barcelona |
||
| 020 | _a978-84-10248-12-0 | ||
| 040 |
_aES-MaACL _bspa _cES-MaACL _erda |
||
| 080 | _a821.134.2-31"20" | ||
| 100 | 1 |
_4aut _aMartínez Pérsico, Marisa _eaut _9243217 |
|
| 245 | 1 | 0 |
_aAnimales blancos / _cMarisa Martínez Pérsico |
| 264 | 1 |
_aSantiago de Chile : _bRIL editores, _c2024 |
|
| 264 | 4 | _c©2024 | |
| 300 |
_a222 páginas ; _c23 cm |
||
| 336 |
_2rdacontent _atexto |
||
| 337 |
_2rdamedia _asin mediación |
||
| 338 |
_2rdacarrier _avolumen |
||
| 490 | 0 | _aNovela | |
| 500 | _aRegistro provisional | ||
| 500 | _aEjemplar firmado y dedicado por la autora | ||
| 655 | 4 |
_aNovelas _9234319 |
|
| 852 |
_aES-MaACL _cDEPOJ _jDJ-47 _hDonación: Marisa Martínez Pérsico _xEncuadernación rústica con solapas _gDedicatoria autógrafa de la autora |
||
| 942 |
_n0 _cMONOGRAFIA |
||
| 999 |
_c198457 _d198457 |
||